000
00233 a2200097 4500
001
35015
100
_a
Jane's
245
_a
Jane's All the world's aircraft 190-91
260
_a
UK
_b
Jane's information Group
_c
090
_c
23164
_d
23164
942
_a
NUST-CAE
_c
M
_c
14630
999
_c
270088
_d
270088